| 000 | nam a22 7a 4500 | ||
|---|---|---|---|
| 999 |
_c30336 _d30336 |
||
| 008 | 190516b xxu||||| |||| 00| 0 eng d | ||
| 040 | _amksu | ||
| 050 |
_aKFM 2806 _b.N55 2008 |
||
| 100 | _aNjino,Joseph. | ||
| 245 |
_aA guide to ethics / _cJoseph Njino. |
||
| 260 |
_aKenya : _bZapf Chancery Research Consultants and Publishers, _c2008. |
||
| 300 |
_a162p. ; _c21cm. |
||
| 504 | _ainclude bibliographic references. | ||
| 650 | _aEthics. | ||
| 942 |
_2lcc _cAFRICANA _hKFM 2806 .N55 2008 |
||